000 01930nam0a2200337 4500
001 RU\NLR\bibl\115781
005 20260406005032.0
035 _a(NLR Aleph) 000113372
090 _a643745
_c643745
100 _a20001101d2000 |||y0rusy50 ca
101 0 _arus
102 _aRU
105 _aa |||||||||
200 1 _aРадиационная технология: потенциал использования пиковолновой энергии для охраны здоровья и защиты окружающей среды
_eУчеб.-справ. пособие
_fИ.А. Васильев, А.Ф. Нечаев, А.А. Персинен
_gПод общ. ред. проф. И.А. Васильева
210 _aСПб.
_cС.-Петерб. гос. технол. ин-т (Техн. ун-т), "ИК Синтез"
_d2000
215 _a242 с.
_cил.
_d20
225 1 _aВведение в инженерную экологию
_vВып. 2
320 _aБиблиогр.: с. 234-238
606 0 _aРадиационно-химическая технология
_jРуководства, пособия и т.п.
_91537731
_3RU\NLR\auth\66971463
606 0 _aРадиационно-химическая технология
_jУчебные издания
_91537731
_3RU\NLR\auth\66971463
686 _aР126я7
686 _aЛ114.8
700 1 _4070
_8rus
_7ca
_aВасильев
_bИ. А.
_cд-р хим. наук
_gИгорь Александрович
_3RU\NLR\auth\77114531
_997456
701 1 _4070
_8rus
_7ca
_aНечаев
_bА. Ф.
_cд-р хим. наук
_f1946-
_gАлександр Федорович
_3RU\NLR\auth\77114536
_997461
701 1 _aПерсинен
_bА. А.
_gАнатолий Александрович
_4070
801 0 _aRU
_bNLR
_c20001101
_gPSBO
801 1 _aRU
_bNLR
_c20001101
852 _aNLR
_j2000-3/12836
942 _cBOOK
980 _aNB